| 000 | 01129nam a22002297a 4500 | ||
|---|---|---|---|
| 999 |
_c64061 _d64061 |
||
| 003 | Ge_BSU | ||
| 005 | 20260318114144.0 | ||
| 008 | 260318s2009 ge ||||| |||| 00| 0 geo d | ||
| 020 | _a9789941125386 | ||
| 041 | _ageo | ||
| 080 | _a339.924 : 332.1 ე-44 | ||
| 100 |
_aეთერია, ემირ _927156 |
||
| 245 |
_aგლობალიზაცია და ეროვნული ეკონომიკა: _bთეორია და პოლიტიკა = Globalization and national economy: Theory and policy / _cემირ ეთერია; [რედ. რევაზ გოგოხია]. |
||
| 264 |
_aთბ. : _bუნივერსალი, _c2009. |
||
| 300 |
_a304გვ. ; _b20სმ. |
||
| 504 | _aბიბლიოგრ. ტექსტ. შენიშვნ. | ||
| 520 | _aრეზ. ინგლ. | ||
| 653 | _aგლობალიზაცია | ||
| 653 | _aრეგიონული ეკონომიკა | ||
| 653 | _aსაერთაშორისო ეკონომიკური ურთიერთობები | ||
| 942 |
_2udc _cᲬᲘᲒᲜᲘ |
||